Tea with Hezbollah : (Record no. 127105)
[ view plain ]
| 000 -LEADER | |
|---|---|
| campo de control de longitud fija | 01915nam a22002537a 4500 |
| 003 - IDENTIFICADOR DE NÚMERO DE CONTROL | |
| campo de control | BJBSDDR |
| 005 - FECHA Y HORA DE LA ÚLTIMA TRANSACCIÓN | |
| campo de control | 20260515110551.0 |
| 007 - CAMPO FIJO DE DESCRIPCIÓN FÍSICA--INFORMACIÓN GENERAL | |
| campo de control de longitud fija | ta |
| 008 - DATOS DE LONGITUD FIJA--INFORMACIÓN GENERAL | |
| campo de control de longitud fija | 260515s2010 nyu||||| |||| 00| 0 eng d |
| 020 ## - NÚMERO INTERNACIONAL ESTÁNDAR DEL LIBRO | |
| Número Internacional Estándar del Libro | 9780307588272 |
| 020 ## - NÚMERO INTERNACIONAL ESTÁNDAR DEL LIBRO | |
| Número Internacional Estándar del Libro | 0307588270 |
| 040 ## - FUENTE DE CATALOGACIÓN | |
| Lengua de catalogación | spa |
| Centro/agencia transcriptor | BJBSDDR |
| 041 ## - CÓDIGO DE IDIOMA | |
| Código de lengua del texto/banda sonora o título independiente | eng |
| 050 ## - SIGNATURA TOPOGRÁFICA DE LA BIBLIOTECA DEL CONGRESO | |
| Número de ítem | D328 2010 |
| 100 1# - ENTRADA PRINCIPAL--NOMBRE DE PERSONA | |
| Nombre de persona | Dekker, Ted |
| Fechas asociadas al nombre | 1962 |
| 9 (RLIN) | 48467 |
| 245 10 - MENCIÓN DEL TÍTULO | |
| Título | Tea with Hezbollah : |
| Resto del título | sitting at the enemies' table : our journey through the Middle East / |
| Mención de responsabilidad, etc. | Ted Dekker, Carl Medearis |
| 260 ## - PUBLICACIÓN, DISTRIBUCIÓN, ETC. | |
| Lugar de publicación, distribución, etc. | New York : |
| Nombre del editor, distribuidor, etc. | Doubleday Religion, |
| Fecha de publicación, distribución, etc. | 2010 |
| 300 ## - DESCRIPCIÓN FÍSICA | |
| Extensión | 245 pages ; |
| Dimensiones | 25 cm |
| 505 ## - NOTA DE CONTENIDO CON FORMATO | |
| Nota de contenido con formato | Into the lion's den: a journey into madness<br/>Squalor at the gate: Egypt<br/>to live by the law: Saudi Arabia<br/>The lion that bites: Beirut<br/>Ancient sacrifice: Baalbek<br/>Tea with Hezbollah: southern Lebanon<br/>Road to Damascus: Syria<br/>Ground zero: Jerusalem<br/>Living among enemies: the West Bank<br/>The true Samaritan: lands unknown<br/> |
| 520 ## - RESUMEN, ETC. | |
| Sumario, etc. | Is it really possible to love one's enemies? This question sparked a fascinating and, at times, terrifying journey into the heart of the Middle East during the summer of 2008. It began in Egypt, passed beneath the high-rises of Saudi Arabia, then through the bullet-pocked alleyways of Beirut and dusty streets of Damascus, before ending at the cradle of the world's three major religions: Jerusalem. Join novelist Ted Dekker and Middle East expert Carl Medearis in every rocky cab ride, late-night border crossing, and back-room conversation as they sit down one-on-one with some of the most notorious leaders of the Arab world--real people with emotions, fears, and hopes of their own. Along the way, Dekker and Medearis discover surprising answers and even more surprising questions that they could not have anticipated--questions that lead straight to the heart of Middle Eastern conflict. |
| 700 1# - ENTRADA AGREGADA--NOMBRE PERSONAL | |
| Nombre de persona | Medearis, Carl |
| 9 (RLIN) | 48468 |
| 942 ## - ELEMENTOS DE ENTRADA SECUNDARIOS (KOHA) | |
| Fuente del sistema de clasificación o colocación | Clasificación de Library of Congress |
| Suprimir en OPAC | No |
| Tipo de ítem Koha | Libro |
| 946 ## - PROCESAMIENTO DE INFORMACIÓN LOCAL (OCLC) | |
| Iniciales del agente catalogador | cmc |
| Estatus retirado | Estado de pérdida | Fuente del sistema de clasificación o colocación | Estado de daño | No para préstamo | Colección | Biblioteca de origen | Biblioteca actual | Ubicación en estantería | Fecha de adquisición | Signatura topográfica completa | Código de barras | Visto por última vez | Copia número | Tipo de ítem Koha |
|---|---|---|---|---|---|---|---|---|---|---|---|---|---|---|
| Clasificación de Library of Congress | Automatización y Procesos Técnicos | Biblioteca Juan Bosch | Biblioteca Juan Bosch | Automatización y Procesos Técnicos (1er. Piso) | 15/05/2026 | D328 2010 | 00000199804 | 15/05/2026 | 1 | Libro |
